LEADER 01480nam a2200289 i 4500 001 000000245743 003 CaOOAMICUS 005 20240110144908.0 008 151014s1732 it u000 u lat u 013 $a224648 026 $amaa- s;m, sir- igli (3) 1732 (R) 040 $aSeMil$bita 100 1 $aMaffei, Giovanni Pietro,$c.$0(OLS)http://semarc/name/2934 245 13$aDe vita et moribus Ignatii Lojolae qui Societatem Jesu fundavit. Libri 3. Auctore Joanne Petro Maffejo .. 260 $aMediolani :$bEx Bibliopolio Jo. Baptiste de Cettis, Sub signo B.V. Mariae,$c1732$e(Mediolani :$fTypis Caroli Josephi Galli,$g1732) 300 $a[8], 356, [4] p. ;$c12º. 500 $aInsegna dei Gesuiti xilogr. sul front. 500 $aSegn.: pg4 A-P12 500 $aTestate, iniz. xilogr. 600 04$aIgnazio : di Loyola .$0(OLS)http://semarc/subject/467 700 1 $aGalli, Carlo Giuseppe,$c.$0(OLS)http://semarc/name/82583 700 1 $aCetti, Giovanni Battista,$c.$0(OLS)http://semarc/name/19234 850 $aSeMil 852 $aSeMil$W1$xVenegono$y1$m3H I 95 FA$j196089$B196089$CSeMilBibl$Z2$F206831 $8I 996 $6245$aDe vita et moribus Ignatii Lojolae qui Societatem Jesu fundavit. Libri 3. Auctore Joanne Petro Maffejo ..$9(OLS)http://semarc/title/347406 996 $6260$aMediolani :$bEx Bibliopolio Jo. Baptiste de Cettis, Sub signo B.V. Mariae$9(OLS)http://semarc/publisher/54966 LEADER 02208nam a2200313 i 4500 001 000000092300 003 CaOOAMICUS 005 20221125142330.0 008 160204s1682 it u000 u ita u 013 $a64542 026 $aa,ar e.ij oiS. ches (3) 1682 (R) 040 $aSeMil$bita 100 0 $aJuan : de la Cruz,$c.$0(OLS)http://semarc/name/3819 245 10$aOpere spirituali del beato padre f. Giovanni della Croce primo scalzo della riforma del Carmine, e coadiutore della santa vergine Teresa, fondatrice di essa: .. Con un breve sommario della vita dell'autore, & alcuni discorsi del p.f. Diego di Giesù.. sopra le dette opere. Tradotte dalla spagnuola nella lingua italiana dal p.f. Alessandro di s. Francesco, ... Aggiuntovi in quest'ultima impressione alcuni opuscoli spirituali del medesimo beato padre, .. 260 $aIn Venetia :$bAppresso il Brigna,$c1682. 300 $a[32], 496, [16] p. ;$c4º. 500 $aSegn.: ?-2?8 A-2H8 a8 500 $aMarca editoriale: Un anello con diamante. Su un nastro la scritta: Il diamante. In una cornice figurata. (O762). 700 0 $aDiego : di Gesù,$d<1570-1621>.$0(OLS)http://semarc/name/41068 700 0 $aAlessandro : da San Francesco,$d<1588-1680>.$0(OLS)http://semarc/name/41069 700 1 $aBrigna, Giovanni Battista,$c.$0(OLS)http://semarc/name/3107 774 0 $aIniz. xilogr. 850 $aSeMil 852 $aSeMil$W1$xVenegono$y1$m3J IV 83 FA$j55192$B55192$CSeMilBibl$Z2$F59901 $8I 900 0 $aGiovanni : della Croce. 996 $6245$aOpere spirituali del beato padre f. Giovanni della Croce primo scalzo della riforma del Carmine, e coadiutore della santa vergine Teresa, fondatrice di essa: .. Con un breve sommario della vita dell'autore, & alcuni discorsi del p.f. Diego di Giesù.. sopra le dette opere. Tradotte dalla spagnuola nella lingua italiana dal p.f. Alessandro di s. Francesco, ... Aggiuntovi in quest'ultima impressione alcuni opuscoli spirituali del medesimo beato padre, ..$9(OLS)http://semarc/title/138448 996 $6260$aIn Venetia :$bAppresso il Brigna$9(OLS)http://semarc/publisher/43942